00922nam a2200193 a 4500008004100000050002500041110006700066245013700133260003800270300001600308650004000324650001100364650003000375650005100405650005300456995007800509999001700587952012400604170420s2004 ||||||||||||||||| || u aGOV.ZAM(058)AGR/2004 aGovernment of the Republic of Zambia. Auditor General's Office10aReport of the Auditor General on the accounts of the republic for the financial year ended 31 December, 2004cby The Auditor General aLusaka:bGovernment Printerc2004 a118p.: ill. aFINANCE, PUBLIC--ZAMBIA--ACCOUNTING aZAMBIA aFINANCE, PUBLIC--AUDITING aFINANCE, PUBLIC--ZAMBIA--AUDITING--PERIODICALS aFINANCE, PUBLIC--ZAMBIA--ACCOUNTING--PERIODICALS FCBU-MAIN LIBRARY (Kitwe)M1UAVAILABLEWApr 20, 2017ZZambiana Collection c56101d56101 00102lcc4070a001b001cZambiana Collectiond2022-11-30l0oGOV.ZAM(058)AGR/2004pB3327r2022-11-30w2022-11-30y002